Introduction to modern power electronics
محفوظ في:
| المؤلف الرئيسي: | |
|---|---|
| التنسيق: | كتاب |
| اللغة: | الإنجليزية |
| منشور في: |
Hoboken
John Wiley and Sons
2010
|
| الطبعة: | 2a. ed |
| الموضوعات: | |
| الوسوم: |
إضافة وسم
لا توجد وسوم, كن أول من يضع وسما على هذه التسجيلة!
|
MARC
| LEADER | 00000nam a2200000 a 4500 | ||
|---|---|---|---|
| 001 | UCG6926 | ||
| 003 | CL-VaPUC | ||
| 008 | 110602e20100000us |||||||||||||||||eng|d | ||
| 020 | |a 9780470401033 | ||
| 082 | 0 | 4 | |a 621.317 |b TRZ |2 21 |
| 100 | 0 | |a Trzynadlowski, Andrzej M |e author |9 557406 | |
| 245 | 1 | 0 | |a Introduction to modern power electronics |
| 250 | |a 2a. ed | ||
| 300 | |a 436 p | ||
| 942 | |c BK | ||
| 945 | |d 20110602 00:00:00 |a dcastane | ||
| 260 | |a Hoboken |b John Wiley and Sons |c 2010 | ||
| 650 | 0 | |a Electrónica de potencia |9 263153 | |
| 650 | 7 | |a FUERZA ELECTRICA |2 CL-VaPUC |9 353640 | |
| 650 | 0 | |a Máquinas eléctricas |9 260079 | |
| 650 | 0 | |a Convertidores |9 348439 | |
| 650 | 0 | |a Semiconductores |9 260250 | |
| 650 | 0 | |a Circuitos eléctricos |9 260262 | |
| 583 | |a last modification |c 20171116 02:27:32 |k Rodrigo Vera | ||
| 999 | |c 345034 |d 345032 | ||
| 952 | |0 0 |1 0 |4 0 |6 621_317000000000000_TRZ_2010 |7 0 |8 A |9 443438 |a BIBING |b BIBING |d 2019-11-22 |i 4780086 |o 621.317 TRZ 2010 |p 4780086 |r 2025-01-20 |w 2019-11-22 |y BK |k EIE | ||